Gran escuela = Grande écoles /
Enregistré dans:
| Auteur principal: | |
|---|---|
| Autres auteurs: | , , , , , , , |
| Format: | |
| Langue: | français |
| Publié: |
París, Francia :
Ognon Pictures : France 2 Cinéma : Eden Films,
2003, c2003
|
| Sujets: | |
| Tags: |
Pas de tags, Soyez le premier à ajouter un tag!
|
MARC
| LEADER | 00000ngm^a2200000^a^4500 | ||
|---|---|---|---|
| 001 | 000187311 | ||
| 005 | 20250521000000.0 | ||
| 009 | 20260310102254.784 | ||
| 037 | |a Acervo ITESO - Biblioteca | ||
| 041 | |a FRA | ||
| 082 | |a 840. |b SAL | ||
| 100 | |a Salis, Robert |e (realización) | ||
| 245 | 1 | 0 | |a Gran escuela = |b Grande écoles / |c Realización de R. Salis. |
| 264 | 4 | |a París, Francia : |b Ognon Pictures : |b France 2 Cinéma : |b Eden Films, |c 2003, c2003 | |
| 264 | 2 | |a México : |b Séptimo Arte [distribución], |c 2004, c2004 | |
| 300 | |a 1 DVD regiones 1 y 4 |c (108 min.) | ||
| 336 | |a imagen móvil bidimensional |b tdi |2 rdacontenido | ||
| 337 | |a video |b v |2 rdamedio | ||
| 338 | |a videodisco |b vd |2 rdasoporte | ||
| 500 | |a Basado en: Grande école, de Jean Marie Besset | ||
| 546 | |a En francés, con subtítulos opcionales: español | ||
| 649 | |a XX | ||
| 650 | |a Dramas Cinematográficos | ||
| 650 | |a Cine Francés - |y 2000-2009 | ||
| 650 | |a Cine Francés - |y Siglo XXI | ||
| 650 | |a Cine Gay y Lésbico - |z Francia | ||
| 650 | |a Escritores Franceses | ||
| 650 | |a Clase Alta - |z Francia - |x Condiciones Sociales y Culturales | ||
| 650 | |a Arabes en Francia - |x Condiciones Sociales y Culturales | ||
| 650 | |a Jóvenes | ||
| 650 | |a Teatro Francés - |x Adaptaciones para Cine | ||
| 650 | |a Literatura Francesa - |y Siglo XX - |x Adaptaciones para Cine | ||
| 650 | |a Literatura y Cine | ||
| 650 | |a Educación Superior | ||
| 650 | |a Educación Sentimental | ||
| 650 | |a Homosexualidad | ||
| 650 | |a Sexualidad | ||
| 650 | |a Amistad | ||
| 650 | |a Comunicación Personal | ||
| 650 | |a Racismo | ||
| 650 | |a Problemas Sociales | ||
| 650 | |a Besset, Jean Marie | ||
| 700 | |a Salis, Robert |e (guión) | ||
| 700 | |a Besset, Jean Marie |e (guión) | ||
| 700 | |a Soyer, Emmanuel |e (fotógrafo) | ||
| 700 | |a Schwartz, Catherine |e (montaje) | ||
| 700 | |a Neveux, Eric |e (música) | ||
| 700 | |a Baquet, Gregori |e (actuación) | ||
| 700 | |a Taglioni, Alice |e (actuación) | ||
| 700 | |a Quivrin, Jocelyn |e (actuación) | ||
| 910 | |a Fondo General | ||
| 920 | |a Audiovisuales - DVDs | ||
| 940 | |a Películas | ||
| 905 | |a 302 | ||
| 901 | |a 0500088826 |b IT2 |c DVS |u 20250521 | ||
| 902 | |a https://opac.biblio.iteso.mx/vufind/Record/000187311 | ||